000 00860nam a2200265 a 4500
008
020 _a0471578134 (pbk.)
049 _aMAIN
090 _aQA76.9.U83
_bHIX
100 1 _aHix, Deborah.
245 1 0 _aDeveloping user interfaces :
_bensuring usability through product & process /
_cDeborah Hix, H. Rex Hartson.
260 _aNew York :
_bJ. Wiley,
_cc1993.
300 _axxix, 381 p. :
_bill. ;
_c24 cm.
440 0 _aWiley professional computing.
504 _aIncludes bibliographical references.
500 _aIncludes index.
650 0 _aUser interfaces (Computer systems).
650 0 _aComputer software
_xDevelopment.
700 1 _aHartson, H. Rex.
907 _a.b10140335
_b28-08-12
_c22-11-04
003
005 20230123133851.0
040 _cNUST
942 _cBOOKS
_kQA76.9.U83
_mHIX
999 _c155977
_d155977